000 00308nam a22001337a 4500
008 210224b ||||| |||| 00| 0 eng d
020 _a9780443048609
041 _aeng
080 _a617
100 _a5
101 _aKIR
245 _aPrinciples and Practice of Surgery
_cForrest , M.P.A
942 _2udc
_cBK
999 _c55156
_d55156